000 00540 a2200181 4500
003 Nust
005 20230130115549.0
040 _cNust
082 _a920,EDE
100 _aCircle, Full,
_9108025
245 _aThe memoris of Sir Anthony Eden /
_cFull Circle
260 _aLondon
_bCassell & Company Ltd
_c1960
300 _a619 p
_billus
_c24 cm
505 _aForeign Secretary (Page-3), Prime Minister (Page-265), Suez (Page-419).
600 _aCircle, Full,
_9108025
650 _aBiography -Sir Anthony Eden
_9108026
942 _2ddc
_cBK
999 _c187061
_d187061